El derecho a la tutela jurisdiccional efectiva en la jurisprudencia

Bibliographic Details
Main Author: Obando Blanco, Vc̕tor Roberto
Format: Unknown
Language:Spanish
Published: Lima : Palestra Editores, 2002.
Subjects:
Online Access:Acceso restringido

MARC

LEADER 00000ny a22000003n 4500
005 2011062304014.0
008 010704s2001 pe b 000 0 spa
010 |a 2001429981 
020 |a 9789972733345 
035 |a 4629 
040 |a DLC  |c DLC  |d vlex 
090 |c 1192  |d 1192 
100 1 |a Obando Blanco, Vc̕tor Roberto. 
245 1 3 |a El derecho a la tutela jurisdiccional efectiva en la jurisprudencia  |h [Recurso electrn̤ico]  |c Vc̕tor Roberto Obando Blanco. 
256 |a Servicio en ln̕ea 
260 |a Lima :  |b Palestra Editores,  |c 2002. 
300 |a v. 
506 1 |a Contenido solo disponible en los productos indicados  |d vLex Global  |d vLex Global (Academic Edition, excluding Law Schools)  |d vLex Global (U.S. Academic Edition, Law Schools)  |d vLex Global (U.S. Academic Edition, excluding Law Schools)  |d vLex Global (Academic Edition, Law Schools) 
650 0 4 |a Igualdad ante la ley  |z Per︢ 
740 0 |a vLex Libros (Servicios en ln̕ea) 
856 |z Acceso restringido  |u http://vlex.com/source/derecho-tutela-jurisdiccional-efectiva-4629 
942 |c BOOK 
999 0 4 |a Igualdad ante la ley  |z Per.︢ 
999 0 4 |a Proceso justo  |z Per.︢ 
999 0 4 |a Libros electrn̤icos.